000 00407nam a2200157Ia 4500
008 230718s9999 xx 000 0 und d
041 _aeng
082 _a621.3815287
_bDUB
100 _aDubey G.K.
245 _aThyristorised Power Controllers
260 _c1993
_bJohn Wiley & Sons
300 _a825
365 _cRs.
700 _aDubey G.K., Doradla S.R., Joshi A. & Sinha R.M.K.
906 _cARCHIT
999 _c304422
_d304422